| 000 | 00409nam a22001337a 4500 | ||
|---|---|---|---|
| 020 | _a9787100090131 | ||
| 082 |
_a320.011 _bMON |
||
| 100 | _aMontesquieu, Charles de Secondat | ||
| 245 |
_aOn the spirit of law (Chinese Edition) / _cCharles de Secondat Montesquieu |
||
| 260 |
_bThe Commercial Press, _c2016. |
||
| 300 |
_a519 p. ; _c20 cm. |
||
| 880 |
_6245-02\r _a论法的精神 / |
||
| 942 |
_2ddc _cBK |
||
| 999 |
_c591799 _d591799 |
||